A university course in English grammar

Na minha lista:
Detalhes bibliográficos
Autor principal: Downing, Angela
Formato: Livro
Idioma:Vietnamese
Publicado em: Redwood 1992
Tags: Adicionar Tag
Sem tags, seja o primeiro a adicionar uma tag!
Thư viện lưu trữ: Mạng thư viện Đại học Đà Nẵng
LEADER 00629nam a2200253 4500
001 000020895
003 17342
005 20150330090338.0
008 150330s1992 viesd
020 |c 00 
041 0 |a vie 
082 1 4 |a 428.24  |b DO-A 
100 1 |a Downing, Angela 
245 1 0 |a A university course in English grammar  |c Angela Downing, Philip Locke. 
260 |b Redwood  |c 1992 
300 |a tr.  |c cm. 
OWN |a LSP 
999 |a From the UDN01 
TYP |a Monograph 
TYP |a Printed language 
980 |a Mạng thư viện Đại học Đà Nẵng